Reliez le personnage joué par Robin Williams à son film - Statistiques

Statistiques générales
  • Ce quiz a été pris 224 fois
  • Le résultat moyen est 5 sur 12
Statistiques - réponses
Hint Réponse % Correct
Peter Pan Hook ou la revanche du Capitaine Crochet
95%
Iphigénie Doubtfire Madame Doubtfire
92%
Alan Parrish Jumanji
72%
John Keating Le Cercle des poètes disparus
63%
Jack Powell Jack
38%
Dr Sean Maguire Will Hunting
37%
Adrian Cronauer Good Morning, Vietnam
27%
Dr Malcolm Sayer L'Éveil
26%
Walter Finch Insomnia
17%
Andrew Martin L'Homme bicentenaire
16%
Chris Nielsen Au-delà de nos rêves
13%
Alan Hakman Final Cut
10%
Aucun quiz correspondant
Distribution des résultats
% des personnes avec chaque résultat
Percentile par nombre de réponses
Votre historique - résultats
Vous n’avez pas pris ce quiz